Spell success in your life : a road map for achieving your goals and surviving success

Bibliographic Details
Main Author: Colwell, Peter G.
Format: Book
Published: New Delhi, India : Manjul Publishing House Pvt. Ltd. , c2003
Subjects:

MARC

LEADER 00000cam a2200000 7i4500
001 0000003546
005 20060621.0
020 0 0 |a 8186775366 
090 0 0 |a 158.1   |b COL 
100 1 0 |a Colwell, Peter G. 
245 1 0 |a Spell success in your life :   |b a road map for achieving your goals and surviving success   |c Peter Colwell. 
260 0 0 |a New Delhi, India :   |b Manjul Publishing House Pvt. Ltd. ,   |c c2003 
300 |a xx, 137 p. :   |b ill. ;   |c 23 cm. 
650 0 0 |a Success   |x Psychological aspects. 
999 |a 0000006869   |b Monograph   |c Open Shelf   |e Default branch